000 00753 a2200181 4500
999 _c8829
_d8829
020 _a9781522105572 (alk. paper)
050 0 0 _aKF560 MUR 2004
100 1 _aSprankling, John G.,
_d1950-
_eauthor.
245 1 0 _aUnderstanding property law /
_cJohn Sprankling, Distinguished Professor of Law, University of the Pacific McGeorge School of Law.
250 _a4th edition.
264 1 _aDurham, North Carolina :
_bCarolina Academic Press,
_c2004
300 _axviii, 791 pages ;
500 _aIncludes bibliographical references and index.
504 _aIncludes bibliographical references and index.
650 0 _aProperty
942 _2lcc
_cBK
_h560
_iMUR
_kKF